[Event "Victoria op"]
[Site "Victoria"]
[Date "2019.01.18"]
[Round "1.5"]
[White "Huang, Patrick"]
[Black "Forman, Ken"]
[Result "0-1"]
[WhiteElo "2054"]
[BlackElo "1646"]
[PlyCount "110"]
[EventDate "2019.01.18"]
[EventType "swiss"]
[EventRounds "5"]
[EventCountry "CAN"]
[SourceTitle "EXT 2022"]
[Source "ChessBase"]
[SourceDate "2021.10.06"]
[SourceVersion "1"]
[SourceVersionDate "2021.10.06"]
[SourceQuality "1"]

1. d4 Nf6 2. Bf4 g6 3. Nc3 Bg7 4. e4 d6 5. Qd2 0-0 6. f3 Re8 7. 0-0-0 c6 8. Bh6 Bh8 9. h4 b5 10. h5 b4 11. Nb1 Qa5 12. hxg6 fxg6 13. g4 Be6 14. Nh3 Nbd7 15. Nf4 Bf7 16. a3 Rab8 17. Nd3 c5 18. dxc5 Nxc5 19. Nxc5 dxc5 20. e5 Red8 21. Bd3 c4 22. exf6 Bxf6 23. Bf4 Bxb2+ 24. Kxb2 c3+ 25. Ka1 cxd2 26. Bxb8 Rxb8 27. Rxd2 Qe5+ 28. c3 bxc3 29. Rc2 Rb2 30. Rhc1 Rxc2 31. Rxc2 Qd5 32. Be4 Qd1 33. Rxc3 Qd4 34. Kb2 Bd5 35. Bc2 Bxf3 36. Kc1 Qg1+ 37. Kd2 Qxg4 38. Bb3+ Kg7 39. Rc4 Qg5+ 40. Kc3 Qe5+ 41. Rd4 Be2 42. Bc4 Qe3+ 43. Bd3 Bxd3 44. Rxd3 Qc1+ 45. Kd4 Qxb1 46. Re3 Qb2+ 47. Ke4 Qc2+ 48. Kf3 Qf5+ 49. Ke2 e5 50. Rf3 Qg4 51. Kf2 e4 52. Re3 Qf4+ 53. Ke2 Qh2+ 54. Kf1 Qh1+ 55. Kf2 h5 0-1

[Event "Victoria op 4th"]
[Site "Victoria"]
[Date "2010.04.05"]
[Round "6"]
[White "Forman, Ken"]
[Black "Geng, Tian Tian"]
[Result "1-0"]
[WhiteElo "1836"]
[BlackElo "1783"]
[PlyCount "137"]
[EventDate "2010.04.02"]
[EventType "swiss"]
[EventRounds "6"]
[EventCountry "CAN"]
[SourceTitle "CBM 135 Extra"]
[Source "ChessBase"]
[SourceDate "2010.05.04"]
[SourceVersion "1"]
[SourceVersionDate "2010.05.04"]
[SourceQuality "1"]

1. e4 c5 2. Nf3 Nc6 3. d4 cxd4 4. Nxd4 g6 5. Be3 Bg7 6. Nc3 Nf6 7. f3 0-0 8. Qd2 d6 9. 0-0-0 Bd7 10. Be2 a6 11. g4 Nxd4 12. Bxd4 Bc6 13. g5 Nh5 14. Bxg7 Nxg7 15. h4 b5 16. f4 Qb6 17. h5 b4 18. Nd5 Bxd5 19. exd5 Nf5 20. Rh3 Kg7 21. Rdh1 Rh8 22. Bd3 Qd4 23. Qh2 Rag8 24. hxg6 fxg6 25. Rxh7+ Rxh7 26. Qxh7+ Kf8 27. Bxf5 Qxf4+ 28. Kb1 Qxf5 29. Qh6+ Ke8 30. Rd1 Qf3 31. Kc1 Qh5 32. Rh1 Qxh6 33. Rxh6 Kf7 34. Rh4 Rb8 35. Rh7+ Kg8 36. Rxe7 Rb5 37. Re6 Rxd5 38. Rxg6+ Kf7 39. Rh6 a5 40. c3 Ke7 41. Rh7+ Ke6 42. Rh5 Rf5 43. cxb4 axb4 44. Rh4 Ra5 45. Rxb4 Rxa2 46. Rg4 Kf5 47. Rg2 Kg6 48. Kc2 Ra4 49. Kc3 d5 50. b3 Re4 51. b4 Rc4+ 52. Kb3 Rc8 53. b5 d4 54. Rg3 d3 55. Rxd3 Kxg5 56. Kb4 Kf6 57. Ka5 Ke7 58. Ka6 Ra8+ 59. Kb7 Ra1 60. Rc3 Kd7 61. b6 Ra2 62. Kb8 Rb2 63. b7 Ra2 64. Rc7+ Kd8 65. Rc5 Kd7 66. Rd5+ Kc6 67. Kc8 Rb2 68. Rd7 Rb5 69. Rc7+ 1-0